000
00335nam a2200145Ia 4500
008
230718s9999 xx 000 0 und d
041
_a
Eng.
082
_a
340
_b
SAE-P
100
_a
Saeed, Malik. M (ed)
245
0
_a
P. L. D. (1987)
260
_a
Pakistan
_b
All Palastan legal
_c
1886
300
_a
257
650
_a
Law
999
_c
27034
_d
27034